000 00856nam a2200253 a 4500
001 BRL_488
005 20190320210751.0
008 200813s1961----gw-abo####---#000-0#ger-#
041 _ager
044 _agw
050 4 _aN5305
_b.K86 5 1961
100 1 _aWoolley, Leonard
_924079
245 1 0 _aMesopotamien und Vorderaqsien
_bDie Kunst des Mittleren Ostens
_cVon Leonard Woolley.
260 _aGermany
_bHolle-Verlag Baden-Baden
_c1961
300 _a263 p.
_b60 il. (algunas a color)
_c23 cm.
440 0 _aKunst der Welt; ihre geschichtlichen, soziologischen und religiösen Grundlagen
_pDie aussereuropäischen Kulturen
_v5
_924080
500 _aAu515
500 _aBibliografía: p. 247-249
650 1 4 _aArte asirio babilónico
_924081
650 1 4 _aArte
_zCercano Oriente
_924082
650 1 4 _aArte antiguo
_99308
902 _aGRL
942 _2lcc
_cB
999 _c9300
_d9300